El don del mar

Na minha lista:
Detalhes bibliográficos
Autor principal: Morrow Lindbergh, Anne
Formato: Livro
Idioma:Undetermined
Publicado em: Buenos Aires, Argentina Javier Vergara Editor 1983
Assuntos:
Tags: Adicionar Tag
Sem tags, seja o primeiro a adicionar uma tag!

MARC

LEADER 00000nam a2200000Ia 4500
008 170316s9999 xx 000 0 und d
040 |a cru BVZT 
090 |a 810 M-53.1d 
100 |a Morrow Lindbergh, Anne 
245 |a El don del mar 
260 |a Buenos Aires, Argentina 
260 |b Javier Vergara Editor 
260 |c 1983 
300 |a 169 páginas 
650 |a LITERATURA ESTADOUNIDENSE 
999 |c 5960  |d 5960 
942 |c 15 D  |h 810 M-53.1d  |2 z